000 00839nam a22002777a 4500
001 25491
005 20260428123454.0
008 260427b |||||||| |||| 00| 0 spa d
020 _a9972009459
041 _aESP
082 _a869.512
_bO47
100 _aOllanta
_eAUT
245 _aOllantay :
_bel rigor de un padre y la generosidad de un rey
250 _aSegunda edición
260 _aLima :
_bSantillana,
_c2006
300 _a118 páginas :
_c20 cm.
440 _aClásicos esenciales Santillana
500 _aTexto en dos columnas.
505 _aAntes del título: Anónimo peruano.
650 _aLYR
653 _aTeatro peruano
654 _aCTP
700 _aCalvo Pérez, Julio
_eTRA
856 _uhttps://itmsp.museknowledge.com/UCSP?groupID=2
_zVéase además: Biblioteca Digital
942 _cLIB
_dJUS
_fMAT
_n0
_2ddc
999 _c25491
_d25491